• 首页
  • 本馆介绍
  • 公告通知
  • 最新文献
  • 馆藏检索
  • 电子资源
  • 读者导购
  • 参考咨询
  • 我的图书馆
  • 登录
  • 详细信息显示
  • 放入我的书架
  • 预约/预借图书
  • 作者相关作品
  • 分类相关作品
  • 丛书相关作品
  • 出版社相关作品

书目信息

  • 表格格式
  • 工作单格式
  • 卡片格式
题名:
安装钳工
    
 
作者: ;陕西省建筑工程局《安装钳工》编写组 编
分册:  
出版信息: 北京   中国建筑工业出版社  1974
页数: 158页
开本: 18cm
丛书名: 安装工人技术学习丛书
单 册:
中图分类: TG9
科图分类:
主题词: 钳工--工艺 , 装配--工艺
电子资源:
ISBN:
000 00758nam0 2200217 45
001 0405211581
005 20060425155317.98
010    @dCNY0.34
100    @a20040521d1974 km y0chiy0120 ea
101 0  @achi
200 1  @a安装钳工@AAn Zhuang Qian Gong@f陕西省建筑工程局《安装钳工》编写组编@Fshan xi sheng jian zhu gong cheng ju《an zhuang qian gong》bian xie zu bian
210    @a北京@c中国建筑工业出版社@d1974
215    @a158页@d18cm
225    @a安装工人技术学习丛书
410    @12001 @a安装工人技术学习丛书
606 0  @a钳工@x工艺
606 0  @a装配@x工艺
690    @aTG9@v4
711  0 @a陕西省建筑工程局《安装钳工》编写组@Ashan xi sheng jian zhu gong cheng ju《an zhuang qian gong》bian xie zu@4编
801    @aCN@bPftUser@c20060425
905    @dTG9@e2
    
    安装钳工/陕西省建筑工程局《安装钳工》编写组编.-北京:中国建筑工业出版社,1974
    158页;18cm.-(安装工人技术学习丛书)
    
    
    ISBN :CNY0.34
    
●
相关链接 在E读中查询图书 在五车中查询图书 在当当中查询图书 在豆瓣中查询图书


正题名:安装钳工     索取号:TG9/2         预约/预借

序号 登录号 条形码 馆藏地/架位号 状态 备注
1 0016830   001653099   第三借阅区/ [索取号:TG9/2] 在馆    
2 0016831   202237365   密集书库/ [索取号:TG9/2] 在馆    
3 0016833   202287630   密集书库/ [索取号:TG9/2] 在馆    
4 0016838   202236650   密集书库/ [索取号:TG9/2] 在馆    
5 0016839   202236641   密集书库/ [索取号:TG9/2] 在馆    
唐山师范学院图书馆 欢迎您!
大连网信软件有限公司© 版权所有